00732 2200229 4500001002100000005001700021008004100038035002500079040001200104082001400116084001900130100002900149245012100178260004500299300003000344500003100374504002900405650001800434700002000452850001200472990001800484INLIS00000000001098120150824143446.0  a0010-081500000002419 aYOPDYOG 223a631.4 aSK 631.4 Bon A aBONASAL Parulian Girsang aAnalisis agroekologi lahan pasir pantai di kecamatan Sanden, kabupaten Bantul Yogyakartac/ Bonasal Parulian Girsang aYogyakartabUniversitas Gajah Madac2007 aviii, lembar.c; 29,5 cm. aSkripsi Fakultas Pertanian aBibliografi : hlm. 56-59 aEkologi tanah aSRYYANTO Waluyo aYOPDYOG a48803-PD/A.15